| 000 | 01513nam a2200337 c 4500 | ||
|---|---|---|---|
| 003 | BLK | ||
| 005 | 20230627110147.0 | ||
| 008 | 180412b bul|||||r ||||||| ||bul|| | ||
| 010 | _aKNG00007720000 | ||
| 020 |
_a954-459-152-4 _bиздат.: Хермес - на том(кн.1) |
||
| 040 | _aBLK | ||
| 041 |
_aBUL _cBUL |
||
| 080 |
_aФренска литература _b821.133.1 _x-31 _z821.133.1-31 |
||
| 100 | 1 |
_aБензони, Жюлиет _eпърви автор _938258 |
|
| 700 | 1 |
_aДелева, Екатерина Христева _eпрев. на том _9363280 |
|
| 700 |
_aТошева, Анета Илиева _9366009 |
||
| 139 |
_aБензони, Жюлиет _bБ 37 |
||
| 245 | 1 | 0 |
_aКатрин _bРоман : Кн. 1 - 7 _cЖюлиет Бензони; прев. на том Екатерина Христева Делева; прев. на том Анета Тошева. _nКн. 1 _pЗаради една любов... |
| 257 | _aFRA | ||
| 260 |
_аПловдив _c1994 - |
||
| 300 | _c21 см | ||
| 380 | _aX | ||
| 500 | _aОриг. загл. Catherine / Juliette Benzoni. - Офс. изд. | ||
| 760 | 1 |
_3- на том(кн.1) _aБензони, Жюлиет _dХермес, 1994 _h320 с. _nОриг. загл. Il suffit d'un amour... _tКн. 1 Заради една любов... |
|
| 852 | _aЦб 177497 | ||
| 856 | 4 |
_qpdf _u |
|
| 856 | 4 |
_qpdf _u |
|
| 942 |
_cKNG _n0 |
||
| 944 |
_aCR _c15.01.2003 _lф / _kВиолета_Тройчева |
||
| 944 |
_aED _c10.02.2011 _lф / _k |
||
| 999 |
_c6476 _d6476 |
||